00375nam a2200145Ia 4500008004100000020001500041041001200056100001600068245006900084250000800153260003500161300000800196650001000204700001500214221030s9999 xx 000 0 und d a9380931258 aEnglish aA. C. Twort 0aCivil Engineering Project Managementcby A. C. Twort, J. G. Rees a4th bReed ElsevieraNew Delhic2011 a4th aCivil aJ. G. Rees